000
00325nam a22001457a 4500
020
_a
81-7371-212-3
082
_a
510
_b
MAO/S
100
_a
MAOR ELI
245
_a
THE STORY OF A NUMBER
250
_a
REPRINT
260
_a
HYDERABAD
_b
UNIVERSITY PRESS
_c
2005
300
_a
227
650
_a
MATHS REFERENCE
_z
INDIA
942
_c
BK
999
_c
1321
_d
1321